Teoría King Kong

Salvato in:
Dettagli Bibliografici
Autore principale: Despentes, Virginie (autora)
Altri autori: Preciado, Paul B. (traductor)
Natura: Libro
Lingua:inglese
spagnolo
Pubblicazione: Santiago, Chile Penguin Random House 2019
Edizione:Cuarta edición
Serie:Literatura Random House
Soggetti:
Tags: Aggiungi Tag
Nessun Tag, puoi essere il primo ad aggiungerne!!

MARC

LEADER 00000nam a22000007a 4500
003 CL-VaPUC
005 20210730122638.0
008 210304b ||||| |||| 00| 0 eng d
999 |c 432604  |d 432602 
020 |a 97895697666052 
040 |c Pontificia Universidad Católica de Valparaíso 
041 0 |a spa 
082 0 4 |2 21  |a 305.42 DES 2019 
100 1 |a Despentes, Virginie  |9 859801  |e autora 
245 |a Teoría King Kong  
250 |a Cuarta edición   |b en Chile  
260 3 |a Santiago, Chile   |b Penguin Random House   |c 2019 
300 |a 175 páginas  
440 |a Literatura Random House   |9 859802 
500 |a Donación Raúl Rodríguez F. Doctorado en Literatura. 
583 |c 20210304  |k Cristina Rojas 
650 0 0 |a Feminismo  |9 259085 
650 0 0 |a Sexualidad  |9 358183 
650 0 0 |a Teoría de género  |9 861450 
700 |a Preciado, Paul B.   |9 859803  |e traductor 
942 |2 ddc  |c BK 
952 |0 0  |1 0  |2 ddc  |4 0  |6 305_420000000000000_DES_2019  |7 0  |8 A  |9 577598  |a FDOPOS  |b FDOPOS  |d 2021-03-04  |i 5620422  |o 305.42 DES 2019  |p 5620422  |r 2023-08-09  |t 1  |w 2021-03-04  |y BK  |k DLH